000 00505nam a2200181Ia 4500
008 240925s9999 xx 000 0 und d
020 _a1883577721
082 _a005.265 DUN
100 _aDuntemann, Jeff
245 4 _aThe New Delphi 2: programming explorer
250 _aNA
260 _aArizona:
_bCoriolis Group Book
_c,1996.
300 _axx,806p.
_bNA
_fOriginal
500 _aIncludes Index
600 _aComputer Science
650 _aComputer science, information & general works
942 _cBK
999 _c5873
_d5873